00545 2200205 4500001002100000005001700021008004100038035002500079082001200104090001900116100002700135245005400162250001100216260002500227300002500252650001800277850001200295990001600307990001600323YOGYA-0209000001574520150226152549.0 ind  a0010-020900000015745 a347.017 a347.017bNas B aNASUTION, Adnan Buyung aBantuan hukum di IndonesiacAdnan Buyung Nasution aCet. 3 aJakartabLP3ESc1988 axiii, 129 hlmc17 cm aBantuan hukum aYOPDYOG a670-PN/P.00 a688-PN/P.00